| 000 | 00369nam a2200133Ia 4500 | ||
|---|---|---|---|
| 005 | 20260326235455.0 | ||
| 008 | 260326s9999||||xx |||||||||||||| ||und|| | ||
| 100 | _aCalnek, Edward E. | ||
| 245 | 0 |
_aEnsayos sobre el Desarrollo Urbano de México / _cEdward E. Calnek |
|
| 260 | _bSecretaría de Educación Pública | ||
| 300 | _a207 p. | ||
| 650 | _aHISTORIA | ||
| 942 | _cBK | ||
| 999 |
_c7905 _d7905 |
||